00609nam a2200181Ia 4500008004100000100001700041245012400058260001100182300002100193440004800214521001000262650002300272650002100295650002800316650002400344650003900368650002000407140626s9999 xx 000 0 und d aChan, Jason. 4aThe dark side of testing memory :brepeated retrieval can enhance eyewitness suggestibility /cJason Chan ... [et al.]. cc2011. a17 : 4, page 418 aJournal of Experimental Psycholgy : Applied aPSYCH aEyewitness memory. aHypercorrection. aMisleading information. aRepeated retrieval. aRetrieval-enhanced suggestibility. aTesting effect.